[Event "Tarragona Province-chB"]
[Site "Tarragona"]
[Date "2008.05.03"]
[Round "3"]
[White "Martinez Tarrago, Josep A"]
[Black "Bru Borras, Pau"]
[Result "0-1"]
[WhiteElo "1831"]
[BlackElo "1903"]
[PlyCount "98"]
[EventDate "2008.04.19"]
[EventType "swiss"]
[EventRounds "8"]
[EventCountry "ESP"]
[SourceTitle "EXT 2019"]
[Source "ChessBase"]
[SourceDate "2018.10.10"]
[SourceVersion "1"]
[SourceVersionDate "2018.10.10"]
[SourceQuality "1"]

1. e4 e5 2. Nf3 Nc6 3. Bb5 a6 4. Bxc6 dxc6 5. d4 exd4 6. Qxd4 Qxd4 7. Nxd4 Bd6 8. 0-0 Nf6 9. Nc3 0-0 10. Bg5 Ng4 11. Nf3 f6 12. Bh4 Ne5 13. Nxe5 Bxe5 14. Bg3 Bxg3 15. hxg3 Be6 16. Rfd1 Rad8 17. Kf1 Kf7 18. f3 Rd6 19. b3 Rfd8 20. Ke2 b5 21. Rxd6 cxd6 22. Ke3 f5 23. Rd1 fxe4 24. Nxe4 Ke7 25. g4 b4 26. g5 Bf7 27. Rd2 Bg6 28. Ng3 d5 29. Ne2 c5 30. Nf4 Bf7 31. g4 a5 32. Rh2 Bg6 33. Nxg6+ hxg6 34. f4 Kf7 35. Kd3 Re8 36. Rf2 Re4 37. c3 bxc3 38. Kxc3 Re3+ 39. Kc2 Rg3 40. Kb2 Ke6 41. Ka3 Rxg4 42. Ka4 Rg3 43. Kxa5 d4 44. b4 c4 45. Re2+ Re3 46. Rb2 d3 47. Rb1 Re2 48. Kb5 c3 49. Rb3 c2 0-1